[Event "CRO-chT3 West"]
[Site "Croatia"]
[Date "2020.10.10"]
[Round "4.3"]
[White "Gall, Toni Peter"]
[Black "Ghersinich, Giuseppe"]
[Result "1/2-1/2"]
[WhiteElo "1782"]
[BlackElo "1800"]
[PlyCount "83"]
[EventDate "2020.09.12"]
[EventType "team-tourn"]
[EventRounds "9"]
[EventCountry "CRO"]
[SourceTitle "EXT 2022"]
[Source "ChessBase"]
[SourceDate "2021.10.06"]
[SourceVersion "1"]
[SourceVersionDate "2021.10.06"]
[SourceQuality "1"]
[WhiteTeam "Krk II"]
[BlackTeam "Porec Gortan II"]
[WhiteTeamCountry "CRO"]
[BlackTeamCountry "CRO"]

1. c4 e5 2. d3 Nf6 3. Nc3 Nc6 4. a3 d5 5. cxd5 Nxd5 6. g3 Be7 7. Bg2 Be6 8. Nf3 0-0 9. 0-0 Qd7 10. Ng5 Nxc3 11. bxc3 Bf5 12. Qa4 h6 13. Nf3 Bh3 14. Rb1 Bxg2 15. Kxg2 b6 16. e4 Rad8 17. Be3 Qe6 18. Rfd1 Na5 19. Qb5 f6 20. a4 Rd7 21. d4 exd4 22. cxd4 Rfd8 23. Nd2 Nb7 24. d5 Qf7 25. Nf3 Nd6 26. Qd3 Qh5 27. Nd4 Nf7 28. f4 Bd6 29. Ne6 Re8 30. Bd4 Nd8 31. f5 Nf7 32. Re1 Be5 33. Bf2 Ng5 34. Nxg5 hxg5 35. h3 c6 36. Qc4 cxd5 37. exd5 Qf7 38. Red1 Red8 39. Rb5 Rd6 40. a5 Qb7 41. axb6 axb6 42. Kh2 1/2-1/2

[Event "CRO-chT3 West"]
[Site "Croatia"]
[Date "2020.09.12"]
[Round "1.2"]
[White "Jakesevic, Darko"]
[Black "Ghersinich, Giuseppe"]
[Result "0-1"]
[WhiteElo "1888"]
[BlackElo "1800"]
[PlyCount "72"]
[EventDate "2020.09.12"]
[EventType "team-tourn"]
[EventRounds "9"]
[EventCountry "CRO"]
[SourceTitle "EXT 2022"]
[Source "ChessBase"]
[SourceDate "2021.10.06"]
[SourceVersion "1"]
[SourceVersionDate "2021.10.06"]
[SourceQuality "1"]
[WhiteTeam "Gospic"]
[BlackTeam "Porec Gortan II"]
[WhiteTeamCountry "CRO"]
[BlackTeamCountry "CRO"]

1. d4 d5 2. Nf3 c6 3. Bf4 Bg4 4. Nbd2 Nf6 5. c3 e6 6. e3 Bd6 7. Qb3 b6 8. Ne5 Bxe5 9. Bxe5 0-0 10. f3 Bf5 11. g4 Bg6 12. h4 h5 13. Be2 Qe7 14. Qd1 Nbd7 15. gxh5 Nxh5 16. Nf1 Nxe5 17. dxe5 c5 18. f4 Be4 19. Rh2 Nxf4 20. exf4 d4 21. cxd4 Rad8 22. Ne3 Rxd4 23. Qb3 Rfd8 24. Rd1 Rxd1+ 25. Bxd1 Rd3 26. Qc4 Rxe3+ 27. Kf2 Bd5 28. Qc1 Re4 29. a3 c4 30. Kg3 Qc5 31. Rf2 Re3+ 32. Bf3 Qd4 33. Kg4 Qd3 34. Qh1 b5 35. Qf1 a5 36. Qd1 Bxf3+ 0-1

[Event "Hum na Sutli op 13th"]
[Site "Hum na Sutli"]
[Date "2019.08.27"]
[Round "5"]
[White "Mestrovic, Toni"]
[Black "Ghersinich, Giuseppe"]
[Result "1-0"]
[WhiteElo "2007"]
[BlackElo "1749"]
[PlyCount "67"]
[EventDate "2019.08.24"]
[EventType "swiss"]
[EventRounds "9"]
[EventCountry "CRO"]
[SourceTitle "EXT 2020"]
[Source "ChessBase"]
[SourceDate "2019.10.17"]
[SourceVersion "1"]
[SourceVersionDate "2019.10.17"]
[SourceQuality "1"]

1. e4 d6 2. d4 Nf6 3. Nc3 g6 4. Bg5 Bg7 5. Qd2 Nc6 6. f3 0-0 7. Nge2 Kh8 8. Bh6 e5 9. d5 Ne7 10. g4 Nfg8 11. Bxg7+ Kxg7 12. h4 a5 13. h5 c6 14. Ng3 cxd5 15. exd5 a4 16. a3 f5 17. hxg6 Nxg6 18. gxf5 Bxf5 19. Nxf5+ Rxf5 20. Bd3 Rf4 21. 0-0-0 Rh4 22. Rhg1 Qf6 23. Ne4 Qf4 24. Nxd6 N8e7 25. Qxf4 Rxf4 26. Be4 Rb8 27. Nc4 Kf6 28. Ne3 Kf7 29. Rh1 Rh4 30. d6 Rxh1 31. Rxh1 Nc6 32. Rxh7+ Kf6 33. Ng4+ Ke6 34. Rh6 1-0

[Event "Topusko Amateur op 6th"]
[Site "Topusko"]
[Date "2017.08.17"]
[Round "7"]
[White "Mahmutovic, Mihrudin"]
[Black "Ghersinich, Giuseppe"]
[Result "1/2-1/2"]
[WhiteElo "1710"]
[BlackElo "1831"]
[PlyCount "92"]
[EventDate "2017.08.12"]
[EventType "swiss"]
[EventRounds "9"]
[EventCountry "CRO"]
[SourceTitle "CBM 180 Extra"]
[Source "ChessBase"]
[SourceDate "2017.10.06"]
[SourceVersion "1"]
[SourceVersionDate "2017.10.06"]
[SourceQuality "1"]

1. e4 e6 2. d4 d5 3. Nd2 Nf6 4. e5 Nfd7 5. Ngf3 c5 6. c3 Nc6 7. Bd3 cxd4 8. cxd4 Be7 9. 0-0 0-0 10. a3 f6 11. Re1 Qc7 12. Qc2 f5 13. b4 Qd8 14. Nb3 Qe8 15. b5 Nd8 16. Bd2 b6 17. a4 Bb7 18. Rec1 Rc8 19. Qd1 Nf7 20. Rxc8 Qxc8 21. Rc1 Qb8 22. Rc2 Rc8 23. Qc1 Nf8 24. h4 h6 25. a5 Rxc2 26. Qxc2 Qc8 27. Qa2 Qc7 28. Qc2 Qxc2 29. Bxc2 g5 30. hxg5 hxg5 31. g3 Ng6 32. g4 fxg4 33. Nh2 Nh4 34. Bd1 Nh6 35. Nxg4 N6f5 36. Bc3 Kg7 37. Ne3 Nxe3 38. fxe3 Nf5 39. Kf2 Bc8 40. Be2 Bd7 41. Nd2 Ba3 42. axb6 axb6 43. e4 Ne7 44. Ba1 Kg6 45. Bd3 dxe4 46. Nxe4 Nd5 1/2-1/2

[Event "Topusko Amateur op 6th"]
[Site "Topusko"]
[Date "2017.08.16"]
[Round "6"]
[White "Kolic, Mario"]
[Black "Ghersinich, Giuseppe"]
[Result "0-1"]
[WhiteElo "1257"]
[BlackElo "1831"]
[PlyCount "64"]
[EventDate "2017.08.12"]
[EventType "swiss"]
[EventRounds "9"]
[EventCountry "CRO"]
[SourceTitle "CBM 180 Extra"]
[Source "ChessBase"]
[SourceDate "2017.10.06"]
[SourceVersion "1"]
[SourceVersionDate "2017.10.06"]
[SourceQuality "1"]

1. d4 d5 2. c4 e6 3. Nc3 Nf6 4. Bg5 Be7 5. e3 Nbd7 6. Nf3 c6 7. cxd5 exd5 8. Bd3 0-0 9. Qc2 h6 10. Bh4 Re8 11. 0-0 Nf8 12. a3 Ng4 13. Bxe7 Qxe7 14. h3 Nf6 15. Nd2 Bd7 16. b4 Rac8 17. Rfc1 Ne6 18. Nf3 Ng5 19. Nxg5 hxg5 20. Na4 b6 21. Nc3 g4 22. h4 g3 23. Re1 gxf2+ 24. Qxf2 Ng4 25. Qg3 g6 26. e4 Qf8 27. exd5 Qg7 28. Ba6 Qxd4+ 29. Kf1 Ne3+ 30. Rxe3 Rxe3 31. Qd6 Rce8 32. Qxd7 Qxc3 0-1

[Event "Topusko Amateur op 6th"]
[Site "Topusko"]
[Date "2017.08.12"]
[Round "1"]
[White "Radenic, Filip"]
[Black "Ghersinich, Giuseppe"]
[Result "1-0"]
[WhiteElo "2187"]
[BlackElo "1831"]
[PlyCount "91"]
[EventDate "2017.08.12"]
[EventType "swiss"]
[EventRounds "9"]
[EventCountry "CRO"]
[SourceTitle "CBM 180 Extra"]
[Source "ChessBase"]
[SourceDate "2017.10.06"]
[SourceVersion "1"]
[SourceVersionDate "2017.10.06"]
[SourceQuality "1"]

1. Nf3 d5 2. g3 Nf6 3. Bg2 g6 4. 0-0 Bg7 5. c4 0-0 6. d4 c6 7. cxd5 cxd5 8. Ne5 Nc6 9. Nc3 Be6 10. Nxc6 bxc6 11. Bg5 h6 12. Bxf6 Bxf6 13. Na4 Bd7 14. Rc1 e5 15. dxe5 Bxe5 16. e4 Qf6 17. Qd2 Rfd8 18. exd5 cxd5 19. Nc3 Be6 20. Qxh6 Rab8 21. Qd2 d4 22. Ne4 Qg7 23. f4 Bd6 24. Nxd6 Rxd6 25. b3 d3 26. Bf3 Qd4+ 27. Qf2 Qb4 28. Qc5 a5 29. Rfd1 Rbd8 30. Qxb4 axb4 31. Rd2 Kf8 32. Kf2 f5 33. Rc6 Ke7 34. Rxd6 Rxd6 35. Ke3 Kf6 36. Rxd3 Ra6 37. Rd2 g5 38. fxg5+ Kxg5 39. h4+ Kf6 40. Kf4 Ra7 41. Be2 Rc7 42. Rd4 Rc2 43. Bc4 Bxc4 44. Rxc4 Rf2+ 45. Ke3 Rxa2 46. Rxb4 1-0

[Event "CRO-chT2 West"]
[Site "Croatia"]
[Date "2017.03.26"]
[Round "2.4"]
[White "Sepic, Ante"]
[Black "Ghersinich, Giuseppe"]
[Result "1/2-1/2"]
[WhiteElo "1874"]
[BlackElo "1848"]
[PlyCount "57"]
[EventDate "2017.03.25"]
[EventType "team-tourn"]
[EventRounds "9"]
[EventCountry "CRO"]
[SourceTitle "EXT 2020"]
[Source "ChessBase"]
[SourceDate "2019.10.17"]
[SourceVersion "1"]
[SourceVersionDate "2019.10.17"]
[SourceQuality "1"]

1. e4 e6 2. Nf3 d5 3. exd5 exd5 4. d4 Bd6 5. h3 Nf6 6. Bd3 0-0 7. 0-0 h6 8. Be3 Re8 9. Qc1 Bf8 10. Re1 Nc6 11. Nbd2 Ne7 12. Bf4 c6 13. c3 Bf5 14. Qc2 Bxd3 15. Qxd3 Ng6 16. Rxe8 Qxe8 17. Bh2 Qd8 18. Ne5 Nxe5 19. Bxe5 Bd6 20. Re1 a5 21. f3 a4 22. Nf1 b5 23. Ng3 g6 24. Qe3 Kh7 25. Kf2 Ng8 26. Qf4 Bxe5 27. Qxe5 Rc8 28. Re2 Qf8 29. a3 1/2-1/2

[Event "Topusko op 4th"]
[Site "Topusko"]
[Date "2015.08.04"]
[Round "5"]
[White "Ghersinich, Giuseppe"]
[Black "Mudrinic, Nenad"]
[Result "1/2-1/2"]
[WhiteElo "1918"]
[BlackElo "1745"]
[PlyCount "109"]
[EventDate "2015.08.01"]
[EventType "swiss"]
[EventRounds "9"]
[EventCountry "CRO"]
[SourceTitle "CBM 167 Extra"]
[Source "ChessBase"]
[SourceDate "2015.09.14"]
[SourceVersion "1"]
[SourceVersionDate "2015.09.14"]
[SourceQuality "1"]

1. d4 Nf6 2. c4 g6 3. Nc3 Bg7 4. e4 d6 5. Nf3 0-0 6. Be2 e5 7. 0-0 Nc6 8. Bg5 h6 9. Bc1 Nh5 10. g3 f5 11. dxe5 dxe5 12. Nh4 Qxd1 13. Rxd1 Kh7 14. Bxh5 gxh5 15. exf5 Nd4 16. Be3 Nxf5 17. Nxf5 Bxf5 18. Nb5 b6 19. Rd2 h4 20. Rc1 hxg3 21. hxg3 Rf7 22. c5 a6 23. Nc3 b5 24. b4 Bg4 25. f4 h5 26. Rd5 Be6 27. Rd2 h4 28. Rh2 h3 29. Ne4 Bh6 30. Rf1 exf4 31. Bxf4 Bxf4 32. Rxf4 Rxf4 33. gxf4 Kg6 34. Ng5 Bd5 35. Nxh3 Kf5 36. Re2 Kg4 37. Rh2 a5 38. Rd2 c6 39. Nf2+ Kxf4 40. Kf1 axb4 41. Ke1 Rxa2 42. Rxa2 Bxa2 43. Nd3+ Ke3 44. Nxb4 Kd4 45. Nxa2 Kxc5 46. Kd2 Kc4 47. Kc2 b4 48. Nc1 Kb5 49. Nb3 c5 50. Nxc5 Kxc5 51. Kb3 Kb5 52. Kb2 Kc4 53. Kc2 b3+ 54. Kb2 Kb4 55. Kb1 1/2-1/2

[Event "Topusko op 4th"]
[Site "Topusko"]
[Date "2015.08.03"]
[Round "4"]
[White "Draganic, Stjepan"]
[Black "Ghersinich, Giuseppe"]
[Result "1-0"]
[WhiteElo "2112"]
[BlackElo "1918"]
[PlyCount "59"]
[EventDate "2015.08.01"]
[EventType "swiss"]
[EventRounds "9"]
[EventCountry "CRO"]
[SourceTitle "CBM 167 Extra"]
[Source "ChessBase"]
[SourceDate "2015.09.14"]
[SourceVersion "1"]
[SourceVersionDate "2015.09.14"]
[SourceQuality "1"]

1. d4 d5 2. Bf4 Bf5 3. e3 e6 4. Bd3 Bxd3 5. Qxd3 Nc6 6. c3 Bd6 7. Bg3 Nf6 8. Nd2 0-0 9. Ngf3 Qe7 10. Bh4 e5 11. Bxf6 Qxf6 12. dxe5 Bxe5 13. Qxd5 Rad8 14. Qb5 Rfe8 15. 0-0 Qh6 16. Nc4 Qf6 17. Rad1 Bd6 18. Nxd6 Rxd6 19. Rxd6 Qxd6 20. Nd4 Re5 21. Qxb7 Nd8 22. Qa8 Rh5 23. h3 Rd5 24. e4 Re5 25. f3 a6 26. Nf5 Qb6+ 27. Kh1 Re8 28. Rd1 Qf6 29. e5 Qc6 30. Qxd8 1-0

[Event "CRO-CupT final"]
[Site "Sibenik"]
[Date "2015.05.22"]
[Round "4.11"]
[White "Ghersinich, Giuseppe"]
[Black "Havas, Juraj"]
[Result "0-1"]
[WhiteElo "1895"]
[BlackElo "2059"]
[PlyCount "42"]
[EventDate "2015.05.20"]
[EventType "team-swiss"]
[EventRounds "6"]
[EventCountry "CRO"]
[SourceTitle "CBM 166 Extra"]
[Source "ChessBase"]
[SourceDate "2015.06.18"]
[SourceVersion "1"]
[SourceVersionDate "2015.06.18"]
[SourceQuality "1"]
[WhiteTeam "Porec Gortan"]
[BlackTeam "Mihovljan Sloboda"]
[WhiteTeamCountry "CRO"]
[BlackTeamCountry "CRO"]

1. d4 Nf6 2. c4 g6 3. Nc3 Bg7 4. e4 d6 5. Nf3 0-0 6. Be2 e5 7. 0-0 Nc6 8. dxe5 dxe5 9. Be3 Bg4 10. h3 Bxf3 11. Bxf3 Nd7 12. Qd2 Nd4 13. Bd1 Nc5 14. Bh6 Nce6 15. Qe3 c6 16. Bxg7 Kxg7 17. Rc1 h5 18. Be2 Qf6 19. Rfd1 Rad8 20. Bf1 Rd7 21. b4 Rfd8 0-1

[Event "Topusko op 3rd"]
[Site "Topusko"]
[Date "2014.08.10"]
[Round "4"]
[White "Ghersinich, Giuseppe"]
[Black "Yao, Stefano"]
[Result "0-1"]
[WhiteElo "1922"]
[BlackElo "2185"]
[PlyCount "80"]
[EventDate "2014.08.08"]
[EventType "swiss"]
[EventRounds "9"]
[EventCountry "CRO"]
[SourceTitle "CBM 162 Extra"]
[Source "ChessBase"]
[SourceDate "2014.10.17"]
[SourceVersion "1"]
[SourceVersionDate "2014.10.17"]
[SourceQuality "1"]

1. d4 Nf6 2. c4 g6 3. Nc3 d5 4. cxd5 Nxd5 5. e4 Nxc3 6. bxc3 Bg7 7. Bc4 c5 8. Ne2 0-0 9. 0-0 Nc6 10. Be3 Bd7 11. Rc1 Qc7 12. Qd2 e5 13. d5 Na5 14. Bd3 c4 15. Bb1 b5 16. f4 f6 17. Ng3 Nb7 18. f5 Nd6 19. Kh1 a5 20. a3 Rab8 21. Bh6 Qc5 22. Bxg7 Kxg7 23. Rf3 Be8 24. Qb2 g5 25. h3 Rb7 26. Bc2 h5 27. Bd1 h4 28. Nf1 Nxe4 29. Rc2 Bh5 30. Qc1 Bxf3 31. Bxf3 Nf2+ 32. Kh2 e4 33. Bg4 Nd3 34. Qd2 Qxd5 35. Qe3 Re8 36. Bh5 Ree7 37. Bg6 Qd6+ 38. Kh1 Qxa3 39. g3 Qa1 40. Kg2 Ne1+ 0-1

[Event "Topusko op 3rd"]
[Site "Topusko"]
[Date "2014.08.09"]
[Round "3"]
[White "Dalic, Jelena"]
[Black "Ghersinich, Giuseppe"]
[Result "0-1"]
[WhiteElo "1618"]
[BlackElo "1922"]
[PlyCount "48"]
[EventDate "2014.08.08"]
[EventType "swiss"]
[EventRounds "9"]
[EventCountry "CRO"]
[SourceTitle "CBM 162 Extra"]
[Source "ChessBase"]
[SourceDate "2014.10.17"]
[SourceVersion "1"]
[SourceVersionDate "2014.10.17"]
[SourceQuality "1"]

1. e4 e6 2. d4 d5 3. exd5 exd5 4. Bd3 Nf6 5. h3 Be7 6. Qf3 0-0 7. Be3 Re8 8. Ne2 Nbd7 9. Nbc3 c6 10. g4 Bb4 11. 0-0-0 Qe7 12. h4 Ne4 13. Bxe4 dxe4 14. Qh3 Nf6 15. Bg5 Qe6 16. Bxf6 Qxf6 17. Qg2 Qf3 18. Rdg1 Bd7 19. Rh3 Qxg2 20. Rxg2 h5 21. Re3 Bxg4 22. Nxe4 Rxe4 23. Ng3 Rxe3 24. fxe3 Be1 0-1

[Event "CRO-chT"]
[Site "Bol"]
[Date "2014.05.15"]
[Round "3.12"]
[White "Ghersinich, Giuseppe"]
[Black "Vucic, Mihovil"]
[Result "0-1"]
[WhiteElo "1918"]
[BlackElo "2087"]
[PlyCount "100"]
[EventDate "2014.05.14"]
[EventType "team-swiss"]
[EventRounds "6"]
[EventCountry "CRO"]
[SourceTitle "CBM 160 Extra"]
[Source "ChessBase"]
[SourceDate "2014.07.01"]
[SourceVersion "1"]
[SourceVersionDate "2014.07.01"]
[SourceQuality "1"]
[WhiteTeam "Porec Gortan"]
[BlackTeam "Strigova Stridon"]
[WhiteTeamCountry "CRO"]
[BlackTeamCountry "CRO"]

1. d4 d5 2. Nf3 Nf6 3. c4 e6 4. Nc3 Be7 5. e3 0-0 6. Bd3 Nbd7 7. 0-0 b6 8. cxd5 exd5 9. a3 c5 10. e4 dxe4 11. Nxe4 Bb7 12. Ng3 cxd4 13. Nxd4 Ne5 14. Be2 Qd5 15. Nf3 Qxd1 16. Rxd1 Nxf3+ 17. gxf3 Rfd8 18. Be3 Nd5 19. Rac1 Nxe3 20. Rxd8+ Bxd8 21. fxe3 g6 22. Kf2 Kf8 23. f4 Rc8 24. Rxc8 Bxc8 25. e4 Be7 26. b4 Bd7 27. Ba6 Ke8 28. Ke3 h5 29. Ne2 Bd6 30. e5 Bb8 31. Kd4 f6 32. Kd5 Ke7 33. Nd4 fxe5 34. fxe5 g5 35. e6 Ba4 36. h3 g4 37. hxg4 hxg4 38. Be2 g3 39. Bf3 Kf6 40. b5 Bf4 41. Ne2 Be5 42. Kc6 Kxe6 43. Bg2 Kf5 44. Ng1 Bb2 45. Nf3 Kf4 46. Kb7 Bxb5 47. Ng1 Bxa3 48. Kxa7 Bc5 49. Nh3+ Kg4 50. Kb7 Be2 0-1

[Event "CRO-chT2 West"]
[Site "Croatia"]
[Date "2014.03.29"]
[Round "4.23"]
[White "Ghersinich, Giuseppe"]
[Black "Glavas, Dragan"]
[Result "0-1"]
[WhiteElo "1907"]
[BlackElo "2265"]
[PlyCount "56"]
[EventDate "2014.03.15"]
[EventType "team-tourn"]
[EventRounds "9"]
[EventCountry "CRO"]
[SourceTitle "EXT 2019"]
[Source "ChessBase"]
[SourceDate "2018.10.10"]
[SourceVersion "1"]
[SourceVersionDate "2018.10.10"]
[SourceQuality "1"]
[WhiteTeam "Porec Gortan"]
[BlackTeam "Pula"]
[WhiteTeamCountry "CRO"]
[BlackTeamCountry "CRO"]

1. d4 d5 2. Nf3 Bg4 3. e3 c6 4. c4 e6 5. Nc3 Nd7 6. cxd5 exd5 7. Be2 Ngf6 8. 0-0 Bd6 9. Qc2 0-0 10. Ne1 Re8 11. Bxg4 Nxg4 12. h3 Nh2 13. e4 Nxf1 14. Kxf1 dxe4 15. d5 cxd5 16. Nxd5 h6 17. Be3 Nf6 18. Rd1 Nxd5 19. Rxd5 Qc7 20. Qe2 Rad8 21. Rf5 Re5 22. Rf4 Bc5 23. Qc4 Bb6 24. Qb3 Bxe3 25. Qxe3 Qc4+ 26. Kg1 Rd1 27. Kh2 Qc1 28. Rf3 Rxe1 0-1

[Event "CRO-chT2 West"]
[Site "Croatia"]
[Date "2013.10.20"]
[Round "8.25"]
[White "Krsovnik, Emil"]
[Black "Ghersinich, Giuseppe"]
[Result "1/2-1/2"]
[WhiteElo "2080"]
[BlackElo "1938"]
[PlyCount "97"]
[EventDate "2013.03.16"]
[EventType "team-tourn"]
[EventRounds "9"]
[EventCountry "CRO"]
[SourceTitle "EXT 2019"]
[Source "ChessBase"]
[SourceDate "2018.10.10"]
[SourceVersion "1"]
[SourceVersionDate "2018.10.10"]
[SourceQuality "1"]
[WhiteTeam "Rijeka Kvarner"]
[BlackTeam "Porec Gortan"]
[WhiteTeamCountry "CRO"]
[BlackTeamCountry "CRO"]

1. e4 e6 2. d4 d5 3. Nd2 c5 4. exd5 Qxd5 5. Ngf3 cxd4 6. Bc4 Qd8 7. 0-0 Nc6 8. Nb3 Nf6 9. Re1 Bb4 10. Bd2 Bxd2 11. Qxd2 0-0 12. Nfxd4 Nxd4 13. Qxd4 Qxd4 14. Nxd4 a6 15. a4 Bd7 16. a5 Rac8 17. Bb3 Rfe8 18. f4 Rc5 19. Re2 Nd5 20. g3 Nb4 21. Kf2 Nc6 22. Nxc6 Bxc6 23. Ba4 Rc8 24. Bxc6 R8xc6 25. c3 h5 26. Rd2 g5 27. Rd7 gxf4 28. gxf4 Rb5 29. Ra2 Kg7 30. Ke3 Kf6 31. Kd4 Rcc5 32. b4 Rd5+ 33. Rxd5 Rxd5+ 34. Ke4 Ke7 35. c4 Rd1 36. Rb2 f5+ 37. Ke3 Kd6 38. b5 Kc5 39. bxa6 bxa6 40. Rb6 Kxc4 41. Rxa6 Kb5 42. Ra8 Re1+ 43. Kf3 Re4 44. a6 Kb6 45. a7 Kb7 46. Rh8 Kxa7 47. Rxh5 Kb6 48. Rh8 Kc7 49. Re8 1/2-1/2

[Event "Porec op 12th"]
[Site "Porec"]
[Date "2012.12.08"]
[Round "6"]
[White "Curko, Djanino"]
[Black "Ghersinich, Giuseppe"]
[Result "0-1"]
[WhiteElo "1463"]
[BlackElo "1955"]
[PlyCount "52"]
[EventDate "2012.12.06"]
[EventType "swiss"]
[EventRounds "7"]
[EventCountry "CRO"]
[SourceTitle "CBM 151 Extra"]
[Source "ChessBase"]
[SourceDate "2012.12.18"]
[SourceVersion "1"]
[SourceVersionDate "2012.12.18"]
[SourceQuality "1"]

1. e4 d6 2. d4 Nf6 3. Nc3 g6 4. Be3 Bg7 5. Qd2 c6 6. Nf3 Bg4 7. Be2 Nbd7 8. Bh6 0-0 9. Bxg7 Kxg7 10. h3 Bxf3 11. Bxf3 e5 12. g4 exd4 13. Qxd4 Ne5 14. Be2 c5 15. Qd2 Nc6 16. 0-0-0 Nd4 17. f3 a6 18. Bd3 b5 19. Qf2 Qa5 20. Kb1 Rfd8 21. Nd5 Nxd5 22. exd5 b4 23. h4 Nb5 24. Qd2 Nc3+ 25. bxc3 bxc3 26. Qe1 Qb4+ 0-1

[Event "Porec op 12th"]
[Site "Porec"]
[Date "2012.12.07"]
[Round "3"]
[White "Ghersinich, Giuseppe"]
[Black "Samovojska, Damir"]
[Result "0-1"]
[WhiteElo "1955"]
[BlackElo "2225"]
[PlyCount "96"]
[EventDate "2012.12.06"]
[EventType "swiss"]
[EventRounds "7"]
[EventCountry "CRO"]
[SourceTitle "CBM 151 Extra"]
[Source "ChessBase"]
[SourceDate "2012.12.18"]
[SourceVersion "1"]
[SourceVersionDate "2012.12.18"]
[SourceQuality "1"]

1. d4 Nf6 2. c4 c5 3. d5 b5 4. cxb5 a6 5. Nc3 g6 6. e4 d6 7. Nf3 Bg7 8. Be2 0-0 9. 0-0 axb5 10. Bxb5 Ba6 11. Re1 Bxb5 12. Nxb5 Nfd7 13. Nc3 Qb6 14. Qe2 Na6 15. Bf4 Rfb8 16. Rab1 Bxc3 17. bxc3 Qxb1 18. Rxb1 Rxb1+ 19. Ne1 Nc7 20. g3 Ra1 21. Kg2 R8xa2 22. Qe3 Rb1 23. Nd3 Ra3 24. Nc1 Rb2 25. Qe1 Ra1 26. Qe3 f6 27. h4 Nb5 28. g4 Ra3 29. Qe1 Rxc3 30. g5 Ne5 31. gxf6 exf6 32. Bxe5 fxe5 33. Qd1 h5 34. Nd3 Rbb3 35. Nc1 Rb1 36. Qa4 Ra3 37. Qc2 Raa1 38. Ne2 Rb4 39. Qd2 Ra7 40. Qg5 Rg7 41. f3 Rb2 42. Kf1 Nd4 43. Nxd4 cxd4 44. Qh6 Rh2 45. Qc1 Ra2 46. Qh6 Rh2 47. Qg5 Kh7 48. Kg1 Rc2 0-1

[Event "CRO Cup 21st"]
[Site "Sibenik"]
[Date "2012.05.20"]
[Round "6.134"]
[White "Ghersinich, Giuseppe"]
[Black "Petricevic, Petar"]
[Result "1-0"]
[WhiteElo "1944"]
[BlackElo "2019"]
[PlyCount "53"]
[EventDate "2012.05.16"]
[EventType "team-swiss"]
[EventRounds "6"]
[EventCountry "CRO"]
[SourceTitle "CBM 148 Extra"]
[Source "ChessBase"]
[SourceDate "2012.06.22"]
[SourceVersion "1"]
[SourceVersionDate "2012.06.22"]
[SourceQuality "1"]
[WhiteTeam "Porec Gortan"]
[BlackTeam "Sisak"]
[WhiteTeamCountry "CRO"]
[BlackTeamCountry "CRO"]

1. d4 Nf6 2. c4 c6 3. Nc3 d5 4. e3 e6 5. Nf3 Bd6 6. Bd3 0-0 7. 0-0 Nbd7 8. Qe2 b6 9. e4 dxe4 10. Nxe4 Be7 11. Bf4 Ba6 12. Rfe1 c5 13. Neg5 Re8 14. Nxf7 Nf8 15. Nxd8 Raxd8 16. Rad1 Bb7 17. Ng5 cxd4 18. Nxe6 Bb4 19. Nxd8 Rxe2 20. Rxe2 Ba8 21. Ne6 N8d7 22. a3 Bc5 23. b4 Bf8 24. Nxf8 Kxf8 25. Be5 Bb7 26. Bxd4 Kf7 27. Rde1 1-0

[Event "CRO Cup 21st"]
[Site "Sibenik"]
[Date "2012.05.17"]
[Round "3.134"]
[White "Ghersinich, Giuseppe"]
[Black "Babic, Bozidar"]
[Result "1/2-1/2"]
[WhiteElo "1944"]
[BlackElo "1885"]
[PlyCount "96"]
[EventDate "2012.05.16"]
[EventType "team-swiss"]
[EventRounds "6"]
[EventCountry "CRO"]
[SourceTitle "CBM 148 Extra"]
[Source "ChessBase"]
[SourceDate "2012.06.22"]
[SourceVersion "1"]
[SourceVersionDate "2012.06.22"]
[SourceQuality "1"]
[WhiteTeam "Porec Gortan"]
[BlackTeam "Velika Gorica"]
[WhiteTeamCountry "CRO"]
[BlackTeamCountry "CRO"]

1. d4 d5 2. Nf3 c6 3. e3 Bg4 4. c4 e6 5. Be2 Nd7 6. 0-0 Bd6 7. Nc3 Ngf6 8. cxd5 exd5 9. h3 Bh5 10. Nh4 Bg6 11. Nxg6 hxg6 12. a3 Qe7 13. b4 Ne4 14. Nxe4 dxe4 15. Bb2 Qg5 16. f4 Qg3 17. Qe1 Qxe3+ 18. Qf2 Bxf4 19. Rae1 Qxf2+ 20. Kxf2 f5 21. g3 Bd6 22. Kg2 Nf6 23. b5 Nd5 24. Bc4 Kd7 25. Re2 Rae8 26. Bc1 Rhf8 27. Rfe1 Nc3 28. bxc6+ bxc6 29. Rc2 Nd5 30. Ba6 Rb8 31. Bc4 Rb1 32. Ree2 Rfb8 33. Kf2 R8b6 34. h4 Rb8 35. Kg2 Rf8 36. Ba2 Rb6 37. Bc4 Rbb8 38. Kf2 Nb6 39. Ba2 Nd5 40. Bc4 Nf6 41. Kg2 Nh5 42. Re3 Rbe8 43. Rec3 Rb8 44. Ba6 Rb6 45. Bc4 Nf6 46. Re3 Nd5 47. Ree2 Nf6 48. Be3 Nd5 1/2-1/2

[Event "CRO-chT2 West"]
[Site "Rijeka"]
[Date "2012.04.21"]
[Round "4.46"]
[White "Nastic, Milorad"]
[Black "Ghersinich, Giuseppe"]
[Result "0-1"]
[WhiteElo "1974"]
[BlackElo "1939"]
[PlyCount "86"]
[EventDate "2012.03.17"]
[EventType "team-tourn"]
[EventRounds "9"]
[EventCountry "CRO"]
[SourceTitle "EXT 2013"]
[Source "ChessBase"]
[SourceDate "2012.11.22"]
[SourceVersion "1"]
[SourceVersionDate "2012.11.22"]
[SourceQuality "1"]

1. e4 e6 2. g3 d5 3. Bg2 dxe4 4. Nc3 Nf6 5. Nxe4 Nxe4 6. Bxe4 Bc5 7. c3 e5 8. Nf3 f5 9. Nxe5 Qe7 10. d4 fxe4 11. Qh5+ g6 12. Nxg6 hxg6 13. Qxh8+ Qf8 14. Qe5+ Be7 15. Qxe4 Qf7 16. Bf4 c6 17. Bxb8 Rxb8 18. Qe5 Qe6 19. 0-0-0 Qxe5 20. dxe5 Be6 21. b3 a5 22. h4 a4 23. Kb2 Ra8 24. Rd4 axb3 25. axb3 Ba3+ 26. Kc2 Bc5 27. f3 Bf5+ 28. Kd2 Ra2+ 29. Ke3 Rc2 30. Rhd1 Rxc3+ 31. Kf4 Bxd4 32. Rxd4 Rxb3 33. g4 Be6 34. Kg5 c5 35. Rf4 c4 36. Kf6 Bd5 37. Rd4 Rxf3+ 38. Kxg6 Rd3 39. Rf4 c3 40. Rf1 c2 41. Rc1 Be4+ 42. Kf6 Rd1 43. Rxc2 Bxc2 0-1

[Event "Porec op"]
[Site "Porec"]
[Date "2011.12.01"]
[Round "2"]
[White "Ghersinich, Giuseppe"]
[Black "Savli, Marko"]
[Result "1-0"]
[WhiteElo "1926"]
[BlackElo "1680"]
[PlyCount "61"]
[EventDate "2011.12.01"]
[EventType "swiss"]
[EventRounds "7"]
[EventCountry "CRO"]
[SourceTitle "CBM 145 Extra"]
[Source "ChessBase"]
[SourceDate "2012.01.03"]
[SourceVersion "1"]
[SourceVersionDate "2012.01.03"]
[SourceQuality "1"]

1. d4 Nf6 2. c4 e6 3. Nc3 d5 4. Bg5 Nbd7 5. Nf3 c6 6. e3 Qa5 7. cxd5 Nxd5 8. Qd2 Bb4 9. Rc1 N7f6 10. Bd3 0-0 11. 0-0 Re8 12. e4 Nxc3 13. bxc3 Be7 14. Qc2 Nd7 15. Bxe7 Rxe7 16. e5 Nf8 17. Ng5 h6 18. Ne4 Bd7 19. f4 Rc8 20. Nd6 Rb8 21. f5 exf5 22. Bxf5 Be6 23. Rf2 b5 24. Rcf1 Bc4 25. Bd3 Be6 26. Qd2 Qc7 27. Rf6 gxf6 28. exf6 Nh7 29. fxe7 Qxd6 30. Qxh6 Nf8 31. exf8Q+ 1-0